00459nam a2200145Ia 450000500170000000800410001708200130005824500540007126000490012530000130017465000100018794200060019795200950020399900150029820240408032043.0240331s9999 xx 000 0 und d bWOMa331 0aWomen workers in the free trade zone of Sri Lanka aColombo :bVoiceof women publication /c1980 a101, p., aWomen cL 001040708LaWERCLbWERCLcSSCd2024-03-31l0o 331 WOMp6421r2024-03-31w2024-03-31yL c5480d5480